Sports Quiz

Random Sports or Football Quiz
Score 0/16 Timer 02:00
60 Plays Today
Question Answer Wrong Answers
Shaquille O'Neal NBA
95.3%
MLB
0.7%
NHL
0.4%
NFL
0.8%
Babe Ruth MLB
94%
NBA
1.1%
NHL
1%
NFL
1.1%
Kareem Abdul-Jabbar NBA
93.5%
MLB
1.4%
NHL
0.9%
NFL
1.4%
Peyton Manning NFL
93.1%
MLB
1.5%
NBA
1.5%
NHL
1%
Wayne Gretzky NHL
91%
MLB
2.7%
NBA
1.4%
NFL
2%
Carmelo Anthony NBA
90.7%
MLB
2.7%
NHL
1.3%
NFL
2.3%
Cam Newton NFL
89.3%
MLB
2.8%
NBA
2.5%
NHL
2.5%
Joe DiMaggio MLB
87.9%
NBA
2%
NHL
3.9%
NFL
3.3%
Justin James 'J.J.' Watt NFL
85.8%
MLB
4.3%
NBA
4.8%
NHL
2.1%
Jerry Rice NFL
84.7%
MLB
4.4%
NBA
5.8%
NHL
2.1%
Sidney Crosby NHL
84.4%
MLB
6.3%
NBA
3.1%
NFL
3.2%
Masahiro Tanaka MLB
83.5%
NBA
3.6%
NHL
7.4%
NFL
2.4%
Martin Brodeur NHL
82.7%
MLB
8.4%
NBA
2.8%
NFL
3%
Tony Parker NBA
82.7%
MLB
6.1%
NHL
3.5%
NFL
4.7%
David Price MLB
74.5%
NBA
8.8%
NHL
8.5%
NFL
5.2%
Jarome Iginla NHL
67.7%
MLB
13.9%
NBA
10.6%
NFL
4.6%

You're not logged in!

Compare scores with friends on all Sporcle quizzes.
OR
Log In

Sporcle TV

Today on Sporcle TV


Watch our educational content, quiz creation guides, and fun videos on Sporcle TV.

Show Comments

Extras

Top Quizzes Today


Score Distribution

Paid Content

Your Account Isn't Verified!

In order to create a playlist on Sporcle, you need to verify the email address you used during registration. Go to your Sporcle Settings to finish the process.

Report this User

Report this user for behavior that violates our Community Guidelines.

Details: